| 000 | 00556nam a2200217Ia 4500 | ||
|---|---|---|---|
| 008 | 101110s9999 xx 000 0 und d | ||
| 041 | _aENGLISH | ||
| 082 | _bSR33524 | ||
| 100 | _aKulkarni A.G., Sathe S.P., Varma J.K. & others | ||
| 245 | _aInorganic chemistry SYBSc | ||
| 260 |
_c2010 _bSheth publishers, Mumbai |
||
| 300 | _a256 | ||
| 365 | _b90 | ||
| 520 | _aChemistry | ||
| 546 | _aENGLISH | ||
| 630 | _aInorganic chemistry SYBSc | ||
| 650 | _aChemistry | ||
| 655 | _aChemistry | ||
| 730 | _aInorganic chemistry SYBSc | ||
| 942 | _cBOOK | ||
| 999 |
_c826025 _d826022 |
||